| 000 | 00486nam a2200181Ia 4500 | ||
|---|---|---|---|
| 005 | 20250508161814.0 | ||
| 008 | 008 250505s9999 xx 000 0 hin d | ||
| 037 | _aBooks to be hide in OPAC | ||
| 040 |
_aFEDL _beng _cFEDL |
||
| 041 |
_ahin _2eng |
||
| 084 |
_a634, SUD/O _qFEDL |
||
| 100 |
_aSudurshan Kumar _9771600 |
||
| 245 | 0 | _aPhal upjaoon | |
| 260 |
_aDelhi, India _bNavodya Prakashan |
||
| 300 | _a31p. | ||
| 942 |
_cHB _h634, SUD/O |
||
| 999 |
_c1372318 _d1372318 |
||